Jane's military vehicles and ground support equipment.

Bibliographic Details
New Title:Jane's military logistics (OCoLC) 18003615
Previous Title:Jane's combat support equipment
Format: Serial
Language:English
Published: [London] ; [New York] : [Jane's Pub. Inc.], [1980-1987]
Subjects:
Online Availability: Check for online availability

MARC

Tag First Indicator Second Indicator Subfields
LEADER 00000cas a2200000 a 4500
001 in00000070389
005 20151008061727.0
008 810204d19801987enkar2 y 0uuua0eng d
010 |a  82642249   |z sn 82006990  
022 0 |a 0263-2594 
035 |a (OCoLC)07103063 
035 |9 AAJ8688AM 
040 |a GAO  |c GAO  |d NSD  |d NST  |d DLC  |d NST  |d TXA  |d UtOrBLW 
042 |a lc  |a nsdp 
049 |a TXAE  
090 |a UG147  |b .J3 
210 0 |a Jane's mil. veh. ground support equip. 
222 0 |a Jane's military vehicles and ground support equipment 
245 0 0 |a Jane's military vehicles and ground support equipment. 
246 1 0 |a Military vehicles and ground support equipment 
264 1 |a [London] ;  |a [New York] :  |b [Jane's Pub. Inc.],  |c [1980-1987] 
264 4 |c [©1980-1987] 
300 |a 7 volumes :  |b illustrations ;  |c 33 cm. 
336 |a text  |b txt  |2 rdacontent 
337 |a unmediated  |b n  |2 rdamedia 
338 |a volume  |b nc  |2 rdacarrier 
362 0 |a 2nd ed. (1980)-8th ed. (1987). 
650 0 |a Vehicles, Military  |x Periodicals. 
650 0 |a Mines (Military explosives)  |x Periodicals. 
650 0 |a Armored vehicles, Military  |x Periodicals. 
650 0 |a Military engineering  |v Periodicals. 
780 0 0 |t Jane's combat support equipment  |x 0143-1420  |w (OCoLC)4339763 
785 0 0 |t Jane's military logistics (OCoLC) 18003615 
948 |a t2 
999 |a MARS 
999 f f |s 313be371-849d-3dc9-868f-9f72a25a4928  |i ffb390cc-13e2-3ba3-8a05-9e95c9c1e466  |t 0 
952 f f |a Texas A&M University  |b Rellis Campus  |c Joint Library Facility  |d Remote Storage  |e UG147 .J3  |h Library of Congress classification  |i unmediated -- volume  |k 5th ed.  |l 1984  |m A14808082312  |p ric  |s JLF  |t 0 
952 f f |a Texas A&M University  |b Rellis Campus  |c Joint Library Facility  |d Remote Storage  |e UG147 .J3  |h Library of Congress classification  |i unmediated -- volume  |k 3rd ed.  |l 1982  |m A14807722040  |p ric  |s JLF  |t 0 
952 f f |a Texas A&M University  |b College Station  |c Sterling C. Evans Library  |d SUPPRESSED  |e UG147 .J3  |h Library of Congress classification  |i unmediated -- volume  |k 8th ed.  |l 1987  |m A14810708186  |p normal  |s Evans Withdrawn (Evans)  |t 1 
952 f f |a Texas A&M University  |b Rellis Campus  |c Joint Library Facility  |d Remote Storage  |e UG147 .J3  |h Library of Congress classification  |i unmediated -- volume  |k 4th ed.  |l 1983  |m A14807237207  |p normal  |s JLF  |t 0 
952 f f |a Texas A&M University  |b Rellis Campus  |c Joint Library Facility  |d Remote Storage  |e UG147 .J3  |h Library of Congress classification  |i unmediated -- volume  |k 6th ed.  |l 1985  |m A14808410670  |p ric  |s JLF  |t 0 
952 f f |a Texas A&M University  |b Rellis Campus  |c Joint Library Facility  |d Remote Storage  |e UG147 .J3  |h Library of Congress classification  |i unmediated -- volume  |k 2nd ed.  |l 1981  |m A14807746248  |p ric  |s JLF  |t 0 
952 f f |a Texas A&M University  |b Rellis Campus  |c Joint Library Facility  |d Remote Storage  |e UG147 .J3  |h Library of Congress classification  |i unmediated -- volume  |k 7th ed.  |l 1986  |m A14809388931  |p ric  |s JLF  |t 0